000 00815nam a2200241 a 4500
001 BRCA_5338
005 20190320205034.0
008 061210s1947----sz-a######---#000-0#ger-#
041 _ager
044 _asz
050 4 _aND1170
_b.G36 1947
100 1 _aGanz, Paul Leonhard
_913689
245 1 0 _aDie berühmtesten Gemalde der Welt
_causgewählt und mit begleitendem, text versehen von Paul Leonhard Ganz und einer einführung von Dr. Paul Ganz.
260 _aSuiza
_bHallwag
_c1947
300 _a1 v. (en varias paginaciones)
_bil. (algunas a color)
_c32 cm.
500 _aEdición compuesta por 13 cuadernos relacionados con diversos pintores del mundo
500 _aE101
650 1 4 _aPinturas
_99534
650 1 4 _aPintores
_92497
650 1 4 _aPintura
_xHistoria
_913690
902 _aGFM
942 _2lcc
_cB
999 _c5032
_d5032